00511nam a2200133Ia 4500008004100000020001800041050002500059100002300084245009400107260003200201300002600233500007200259650004600331120721s9999 xx 000 0 und d a970-15-0037-7 aQA76.76W56 B844 1995 aBretschneider, Udo aWindows 3.1 para todos : el libro de computación para principiantes / Udo Bretschneider aMéxico : Alfaomega, c1995 a295 p. : il. ; 22 cm. aTraducción de la obra en alemán Coedición: Computec: Marcombo a1. Windows (Programa para computadora)Ì